[Event "Florianopolis op 3rd"]
[Site "Florianopolis"]
[Date "2017.01.25"]
[Round "9"]
[White "Lage, Pedro Ferreira"]
[Black "Pacheco, Helcio Alexandre"]
[Result "1-0"]
[WhiteElo "1818"]
[BlackElo "2105"]
[PlyCount "53"]
[EventDate "2017.01.20"]
[EventType "swiss"]
[EventRounds "10"]
[EventCountry "BRA"]
[SourceTitle "CBM 176 Extra"]
[Source "ChessBase"]
[SourceDate "2017.03.02"]
[SourceVersion "1"]
[SourceVersionDate "2017.03.02"]
[SourceQuality "1"]

1. Nf3 g6 2. c4 Bg7 3. g3 f5 4. Bg2 Nf6 5. 0-0 0-0 6. Nc3 d6 7. d3 e5 8. Rb1 a5 9. a3 Nc6 10. Bg5 Ne7 11. Nd5 a4 12. Nxf6+ Bxf6 13. Bxf6 Rxf6 14. b4 axb3 15. Qxb3 Kg7 16. c5 Nc6 17. cxd6 Qxd6 18. a4 Ra7 19. Rfc1 Rf8 20. Rb2 Be6 21. Qc3 Bd5 22. Nxe5 Nxe5 23. Bxd5 Qxd5 24. f4 Re8 25. fxe5 Re7 26. Rb5 Qa2 27. Qc5 1-0

[Event "Florianopolis op 3rd"]
[Site "Florianopolis"]
[Date "2017.01.24"]
[Round "7"]
[White "Hille, Waltercler"]
[Black "Pacheco, Helcio Alexandre"]
[Result "1/2-1/2"]
[WhiteElo "1907"]
[BlackElo "2105"]
[PlyCount "46"]
[EventDate "2017.01.20"]
[EventType "swiss"]
[EventRounds "10"]
[EventCountry "BRA"]
[SourceTitle "CBM 176 Extra"]
[Source "ChessBase"]
[SourceDate "2017.03.02"]
[SourceVersion "1"]
[SourceVersionDate "2017.03.02"]
[SourceQuality "1"]

1. Nf3 d6 2. d4 f5 3. g3 Nf6 4. Bg2 g6 5. 0-0 Bg7 6. c4 0-0 7. Nc3 c6 8. Bf4 h6 9. h4 Be6 10. Qd3 Bf7 11. Rfe1 Na6 12. a3 Ng4 13. h5 e5 14. hxg6 Bxg6 15. dxe5 dxe5 16. Qxd8 Raxd8 17. Bc1 Nc5 18. Nh4 Bh7 19. b4 Nb3 20. Rb1 Nxc1 21. Rbxc1 e4 22. b5 Rd2 23. bxc6 bxc6 1/2-1/2

[Event "Florianopolis op 3rd"]
[Site "Florianopolis"]
[Date "2017.01.23"]
[Round "6"]
[White "Pacheco, Helcio Alexandre"]
[Black "Reis, Virginia Lagrange M"]
[Result "1-0"]
[WhiteElo "2105"]
[BlackElo "1814"]
[PlyCount "87"]
[EventDate "2017.01.20"]
[EventType "swiss"]
[EventRounds "10"]
[EventCountry "BRA"]
[SourceTitle "CBM 176 Extra"]
[Source "ChessBase"]
[SourceDate "2017.03.02"]
[SourceVersion "1"]
[SourceVersionDate "2017.03.02"]
[SourceQuality "1"]

1. Nf3 c5 2. g3 g6 3. Bg2 Bg7 4. 0-0 Nc6 5. c4 d6 6. Nc3 Nh6 7. b3 Nf5 8. Bb2 0-0 9. e3 e6 10. Qe2 a6 11. Rac1 Rb8 12. d3 Qc7 13. Ne4 e5 14. Rfd1 h6 15. Nc3 b5 16. Nd5 Qd8 17. a3 bxc4 18. bxc4 e4 19. Rb1 exf3 20. Bxf3 Bxb2 21. Rxb2 Rxb2 22. Qxb2 Ne5 23. Bg2 Be6 24. Nc3 Qc7 25. Ne4 f6 26. h3 Rb8 27. Qc3 Kf7 28. d4 cxd4 29. exd4 Nd7 30. d5 Bxd5 31. Rxd5 Rb1+ 32. Kh2 Qb6 33. c5 Qb3 34. c6 Qxc3 35. Nxc3 Nb6 36. Nxb1 Nxd5 37. Bxd5+ Ke7 38. Nc3 Kd8 39. Bc4 Kc7 40. Bxa6 Kxc6 41. Ne4 d5 42. Nxf6 d4 43. Bd3 Ne7 44. Ng4 1-0

[Event "Florianopolis op 3rd"]
[Site "Florianopolis"]
[Date "2017.01.20"]
[Round "1"]
[White "Van Riemsdijk, Herman Claudius"]
[Black "Pacheco, Helcio Alexandre"]
[Result "1/2-1/2"]
[WhiteElo "2320"]
[BlackElo "2105"]
[PlyCount "61"]
[EventDate "2017.01.20"]
[EventType "swiss"]
[EventRounds "10"]
[EventCountry "BRA"]
[SourceTitle "CBM 176 Extra"]
[Source "ChessBase"]
[SourceDate "2017.03.02"]
[SourceVersion "1"]
[SourceVersionDate "2017.03.02"]
[SourceQuality "1"]

1. e4 e5 2. Nf3 Nc6 3. Bb5 a6 4. Ba4 Nf6 5. 0-0 Be7 6. Re1 b5 7. Bb3 0-0 8. d4 d6 9. c3 Bg4 10. Be3 Qd7 11. Nbd2 Rad8 12. a4 d5 13. axb5 axb5 14. dxe5 Nxe4 15. Qe2 b4 16. Bc2 bxc3 17. Nxe4 dxe4 18. Bxe4 Bxf3 19. Bxf3 Nxe5 20. bxc3 Nxf3+ 21. Qxf3 Bf6 22. Bc5 Rfe8 23. g3 h6 24. Red1 Qb5 25. Bd4 Bxd4 26. cxd4 Qd5 27. Qc3 Re4 28. Ra5 Qd6 29. Rc5 Rxd4 30. Rxd4 Qxd4 31. Qxd4 1/2-1/2

[Event "Sao Sebastiao do Paraiso Ferias CXSSP I"]
[Site "Sao Sebastiao do Paraiso"]
[Date "2016.07.24"]
[Round "5.2"]
[White "Deus Filho, Joaquim"]
[Black "Pacheco, Helcio Alexandre"]
[Result "1-0"]
[WhiteElo "2038"]
[BlackElo "2096"]
[PlyCount "69"]
[EventDate "2016.07.22"]
[EventType "swiss"]
[EventRounds "6"]
[EventCountry "BRA"]
[SourceTitle "EXT 2022"]
[Source "ChessBase"]
[SourceDate "2021.10.06"]
[SourceVersion "1"]
[SourceVersionDate "2021.10.06"]
[SourceQuality "1"]

1. e4 e5 2. Bc4 Nf6 3. d3 Bc5 4. f4 d6 5. Nf3 Nc6 6. c3 a6 7. b4 Ba7 8. Qe2 Qe7 9. f5 Nb8 10. Be3 c6 11. Bxa7 Rxa7 12. Bb3 Nbd7 13. g4 b6 14. Ng5 d5 15. Nd2 Rc7 16. Nh3 h6 17. Nf2 Bb7 18. h4 Kd8 19. a3 Ne8 20. 0-0-0 Nd6 21. Kb2 Kc8 22. g5 Kb8 23. Rdg1 Rhc8 24. gxh6 gxh6 25. Qe3 Qf6 26. Ng4 Qe7 27. Nxh6 d4 28. cxd4 exd4 29. Qg5 Nf6 30. e5 Qxe5 31. Re1 Qb5 32. Qxf6 Qxd3 33. Nb1 Ne4 34. Qe5 c5 35. Bc2 1-0

[Event "BRA-ch Amateur U2200"]
[Site "Sao Paulo"]
[Date "2016.05.29"]
[Round "7"]
[White "Andrade, Roberto Luiz Costa"]
[Black "Pacheco, Helcio Alexandre"]
[Result "1/2-1/2"]
[WhiteElo "2120"]
[BlackElo "2110"]
[PlyCount "35"]
[EventDate "2016.05.26"]
[EventType "swiss"]
[EventRounds "7"]
[EventCountry "BRA"]
[SourceTitle "EXT 2018"]
[Source "ChessBase"]
[SourceDate "2017.10.13"]
[SourceVersion "1"]
[SourceVersionDate "2017.10.13"]
[SourceQuality "1"]

1. e4 e6 2. d4 d5 3. Nc3 Nf6 4. Bg5 Bb4 5. e5 h6 6. Be3 Ne4 7. a3 Bxc3+ 8. bxc3 c5 9. Bd3 Qa5 10. Ne2 Nc6 11. Bxe4 cxd4 12. Bxd4 dxe4 13. 0-0 Nxe5 14. Ng3 0-0 15. Nxe4 Rd8 16. Qh5 Nc6 17. Qxa5 Nxa5 18. f4 1/2-1/2

[Event "BRA-ch Amateur U2200"]
[Site "Sao Paulo"]
[Date "2016.05.28"]
[Round "5"]
[White "Leitao, Nicolau Daulibe"]
[Black "Pacheco, Helcio Alexandre"]
[Result "1-0"]
[WhiteElo "2164"]
[BlackElo "2110"]
[PlyCount "89"]
[EventDate "2016.05.26"]
[EventType "swiss"]
[EventRounds "7"]
[EventCountry "BRA"]
[SourceTitle "EXT 2018"]
[Source "ChessBase"]
[SourceDate "2017.10.13"]
[SourceVersion "1"]
[SourceVersionDate "2017.10.13"]
[SourceQuality "1"]

1. d4 Nf6 2. c4 e6 3. Nc3 Bb4 4. e3 0-0 5. Nge2 d5 6. a3 Be7 7. c5 Nbd7 8. Ng3 Re8 9. Bd3 e5 10. 0-0 Bf8 11. b4 g6 12. Qb3 c6 13. a4 Bg7 14. Bb2 h5 15. b5 e4 16. Bc2 Nf8 17. a5 Bh6 18. a6 Ng4 19. axb7 Bxb7 20. Ncxe4 dxe4 21. Nxe4 Bc8 22. h3 Nf6 23. Nxf6+ Qxf6 24. d5 Qg5 25. Qc3 f6 26. f4 Qh4 27. Rf3 Bg7 28. bxc6 Re7 29. d6 Rf7 30. d7 Nxd7 31. cxd7 Rxd7 32. c6 Rd6 33. Bxg6 Bg4 34. hxg4 hxg4 35. g3 Qh6 36. Qc4+ Kh8 37. Rf2 Qxg6 38. e4 Bf8 39. e5 Qd3 40. Rh2+ Kg7 41. exf6+ Kg6 42. Qg8+ Kf5 43. Qh7+ Ke6 44. Re1+ Kd5 45. Qxd3+ 1-0

[Event "Nova Odessa IRT 111 anos"]
[Site "Nova Odessa"]
[Date "2016.05.22"]
[Round "4.2"]
[White "Pacheco, Helcio Alexandre"]
[Black "Silva, Alexandre Freitas"]
[Result "1-0"]
[WhiteElo "2110"]
[BlackElo "1894"]
[PlyCount "73"]
[EventDate "2016.05.21"]
[EventType "swiss"]
[EventRounds "5"]
[EventCountry "BRA"]
[SourceTitle "EXT 2022"]
[Source "ChessBase"]
[SourceDate "2021.10.06"]
[SourceVersion "1"]
[SourceVersionDate "2021.10.06"]
[SourceQuality "1"]

1. d4 Nf6 2. c4 e6 3. g3 d5 4. Nf3 c6 5. Bg2 Be7 6. 0-0 0-0 7. Qc2 Nbd7 8. Nbd2 b6 9. e4 Nxe4 10. Nxe4 dxe4 11. Qxe4 Bb7 12. Rd1 Nf6 13. Qe2 Qc7 14. Bf4 Bd6 15. Bxd6 Qxd6 16. Ne5 Rad8 17. Rac1 Rfe8 18. Qf3 Rc8 19. c5 Qb8 20. Nc4 bxc5 21. dxc5 Red8 22. Nd6 Rc7 23. Qa3 Nd5 24. Re1 Bc8 25. Rc4 Bd7 26. Bh3 h6 27. b3 Be8 28. Qb2 a5 29. Rg4 f5 30. Ra4 Bf7 31. Qd2 Ra7 32. Rxa5 Rxa5 33. Qxa5 Rd7 34. Qd2 Ra7 35. Qe2 Nc3 36. Qe5 Nxa2 37. Nxf7 1-0

[Event "Sao Sebastiao do Paraiso CXSSP Etapa 2"]
[Site "Sao Sebastiao do Paraiso"]
[Date "2016.05.15"]
[Round "5.4"]
[White "Pacheco, Helcio Alexandre"]
[Black "De Lima, Mateus Peres"]
[Result "0-1"]
[WhiteElo "2110"]
[BlackElo "1814"]
[PlyCount "138"]
[EventDate "2016.05.14"]
[EventType "swiss"]
[EventRounds "5"]
[EventCountry "BRA"]
[SourceTitle "EXT 2022"]
[Source "ChessBase"]
[SourceDate "2021.10.06"]
[SourceVersion "1"]
[SourceVersionDate "2021.10.06"]
[SourceQuality "1"]

1. d4 Nf6 2. c4 e6 3. g3 c5 4. d5 exd5 5. cxd5 d6 6. Nf3 g6 7. Bg2 Bg7 8. Nc3 0-0 9. 0-0 Re8 10. Bf4 a6 11. a4 Ne4 12. Rc1 Nxc3 13. bxc3 b5 14. Nd2 g5 15. Be3 Bf5 16. Qb3 bxa4 17. Qxa4 Nd7 18. Be4 Nb6 19. Qc2 Bxe4 20. Nxe4 Qe7 21. Nxg5 Nxd5 22. Qxh7+ Kf8 23. Qf5 Nxc3 24. Qd3 Nxe2+ 25. Qxe2 Qxg5 26. Qd2 Qe7 27. Rfe1 Qf6 28. Rc4 Re6 29. Rb1 Rae8 30. Rf4 Qg6 31. Rb7 R6e7 32. Rb6 Re6 33. Rb7 R6e7 34. Rb6 Re6 35. Rh4 Rd8 36. Qd1 Rde8 37. Qd2 Rd8 38. Bxc5 Bh6 39. Be3 Bxe3 40. fxe3 Ke7 41. Rxa6 Qb1+ 42. Kf2 Rd7 43. Raa4 Rb7 44. Rab4 Rf6+ 45. Rbf4 Rxf4+ 46. Rxf4 Rb2 47. Qxb2 Qxb2+ 48. Kg1 Qc1+ 49. Kf2 Qd2+ 50. Kf3 Qxh2 51. g4 f6 52. Re4+ Kf7 53. Rf4 Kg6 54. Rd4 Qh3+ 55. Kf4 Qh2+ 56. Kf3 Qh1+ 57. Kf4 d5 58. Kg3 Kg5 59. Rf4 Qh4+ 60. Kf3 Qh3+ 61. Ke2 Qh2+ 62. Kf3 Qh3+ 63. Ke2 Qg3 64. Rd4 Qg2+ 65. Kd3 Kh4 66. Rf4 Qb2 67. Rd4 Qb3+ 68. Ke2 Kg3 69. Rf4 Qc2+ 0-1

[Event "Sao Sebastiao do Paraiso CXSSP Etapa 2"]
[Site "Sao Sebastiao do Paraiso"]
[Date "2016.05.14"]
[Round "2.2"]
[White "Bonvini, Alberto Tonhati"]
[Black "Pacheco, Helcio Alexandre"]
[Result "1-0"]
[WhiteElo "1871"]
[BlackElo "2110"]
[PlyCount "119"]
[EventDate "2016.05.14"]
[EventType "swiss"]
[EventRounds "5"]
[EventCountry "BRA"]
[SourceTitle "EXT 2022"]
[Source "ChessBase"]
[SourceDate "2021.10.06"]
[SourceVersion "1"]
[SourceVersionDate "2021.10.06"]
[SourceQuality "1"]

1. e4 e5 2. Nf3 Nc6 3. Bb5 a6 4. Ba4 Nf6 5. d3 b5 6. Bb3 Bc5 7. 0-0 d6 8. c3 0-0 9. Nbd2 Bb7 10. Re1 Bb6 11. Nf1 Ne7 12. Ne3 Qd7 13. Nh4 Rfe8 14. Qf3 d5 15. Nef5 Rad8 16. Nxg7 Kxg7 17. Bh6+ Kxh6 18. Qxf6+ Ng6 19. Nf5+ Qxf5 20. Qxf5 Kg7 21. exd5 Rd6 22. Re2 Rf6 23. Qg5 h6 24. Qd2 Nf4 25. Rae1 Nxe2+ 26. Rxe2 c6 27. d4 e4 28. dxc6 Bxc6 29. Qe1 Bb7 30. f3 Rg6 31. fxe4 f5 32. exf5 Rxe2 33. Qxe2 Rxg2+ 34. Qxg2+ Bxg2 35. Kxg2 Bc7 36. Be6 Bf4 37. b3 Bd2 38. c4 Bc3 39. d5 bxc4 40. bxc4 Bb4 41. Kf3 Kf6 42. Ke4 Bc5 43. Kd3 Ke5 44. Kc3 Bd6 45. h3 a5 46. Kb3 Kd4 47. Bd7 Be7 48. Be6 Bd6 49. Ka4 Kxc4 50. Kxa5 Kc5 51. Ka6 Bf8 52. f6 Kd6 53. f7 Kc7 54. a4 Ba3 55. a5 Bf8 56. Kb5 Kb7 57. a6+ Kc7 58. a7 Kb7 59. a8Q+ Kxa8 60. Kc6 1-0

[Event "Sao Sebastiao do Paraiso CXSSP Etapa 2"]
[Site "Sao Sebastiao do Paraiso"]
[Date "2016.05.14"]
[Round "3.5"]
[White "Pacheco, Helcio Alexandre"]
[Black "Bonvini, Adriana Tonhati"]
[Result "1-0"]
[WhiteElo "2110"]
[BlackElo "1587"]
[PlyCount "107"]
[EventDate "2016.05.14"]
[EventType "swiss"]
[EventRounds "5"]
[EventCountry "BRA"]
[SourceTitle "EXT 2022"]
[Source "ChessBase"]
[SourceDate "2021.10.06"]
[SourceVersion "1"]
[SourceVersionDate "2021.10.06"]
[SourceQuality "1"]

1. d4 e6 2. c4 d5 3. Nf3 c6 4. Nbd2 f5 5. g3 Nf6 6. Bg2 Nbd7 7. Qc2 g6 8. b3 Bg7 9. Ba3 Ne4 10. 0-0 Qa5 11. Bb2 0-0 12. a3 Qc7 13. Rac1 Ndf6 14. e3 Qe7 15. Ne5 Bd7 16. Ndf3 Rac8 17. Nd3 b6 18. Nfe5 Ng5 19. f3 Rfd8 20. Qe2 Be8 21. Rce1 Qd6 22. c5 Qb8 23. Qd2 Nf7 24. b4 Nd7 25. Nxd7 Bxd7 26. f4 Nh6 27. h3 Rc7 28. Bf3 Bc8 29. g4 Ba6 30. g5 Nf7 31. Rf2 Bxd3 32. Qxd3 bxc5 33. dxc5 e5 34. Qd2 Re7 35. Rfe2 Qb5 36. Bg2 Rde8 37. Bf1 Qb8 38. a4 exf4 39. Bxg7 Kxg7 40. exf4 Re4 41. Rxe4 fxe4 42. b5 cxb5 43. axb5 Qd8 44. Qd4+ Kg8 45. Rd1 Qc7 46. Qe3 Rd8 47. Be2 Qa5 48. Qd4 Qc7 49. Rf1 Nxg5 50. Bg4 Nf7 51. Be6 Qb7 52. f5 g5 53. Qf6 Qc7 54. Bxf7+ 1-0

[Event "Florianopolis op 2nd"]
[Site "Florianopolis"]
[Date "2016.01.19"]
[Round "5"]
[White "Pacheco, Helcio Alexandre"]
[Black "Carneiro, Vitor Roberto Castr"]
[Result "0-1"]
[WhiteElo "2103"]
[BlackElo "2395"]
[PlyCount "108"]
[EventDate "2016.01.16"]
[EventType "swiss"]
[EventRounds "10"]
[EventCountry "BRA"]
[SourceTitle "CBM 170 Extra"]
[Source "ChessBase"]
[SourceDate "2016.02.25"]
[SourceVersion "1"]
[SourceVersionDate "2016.02.25"]
[SourceQuality "1"]

1. d4 Nf6 2. c4 g6 3. Nc3 Bg7 4. e4 d6 5. Be2 0-0 6. Nf3 Na6 7. 0-0 e5 8. Be3 Ng4 9. Bg5 f6 10. Bc1 Qe8 11. Re1 Nh6 12. Rb1 c6 13. b4 Nc7 14. Bf1 Bg4 15. d5 Rd8 16. Be2 cxd5 17. cxd5 Bd7 18. Be3 b6 19. Nd2 Nf7 20. Nc4 Nb5 21. Nxb5 Bxb5 22. Qd2 f5 23. f3 f4 24. Bf2 g5 25. Rbc1 Bd7 26. Rc3 h5 27. h3 Bc8 28. Rec1 Qe7 29. Nb2 g4 30. fxg4 hxg4 31. Bxg4 Bxg4 32. hxg4 Qg5 33. Rh3 Qxg4 34. Bh4 Rc8 35. Rf1 Rc7 36. Nd3 Rfc8 37. Nf2 Qg6 38. Qd1 Nh6 39. Ra3 Bf8 40. Qf3 Be7 41. Bxe7 Rxe7 42. Rc3 Rxc3 43. Qxc3 Rg7 44. Qc8+ Kh7 45. Qh3 Rc7 46. a3 Kg7 47. Re1 Nf7 48. Kf1 Ng5 49. Qg4 Rc3 50. Qd7+ Nf7 51. Qxa7 Rg3 52. Qxb6 Rxg2 53. Rd1 f3 54. Ke1 Qh6 0-1

[Event "Sao Sebastiao Online 2nd"]
[Site "Sao Sebastiao do Paraiso"]
[Date "2015.10.11"]
[Round "5.2"]
[White "De Lima, Mateus Peres"]
[Black "Pacheco, Helcio Alexandre"]
[Result "0-1"]
[WhiteElo "1904"]
[BlackElo "2096"]
[PlyCount "52"]
[EventDate "2015.10.10"]
[EventType "tourn"]
[EventRounds "9"]
[EventCountry "BRA"]
[SourceTitle "EXT 2022"]
[Source "ChessBase"]
[SourceDate "2021.10.06"]
[SourceVersion "1"]
[SourceVersionDate "2021.10.06"]
[SourceQuality "1"]

1. e4 e6 2. d4 d5 3. Nc3 Nf6 4. Bg5 Be7 5. e5 Nfd7 6. Bxe7 Qxe7 7. f4 0-0 8. Nf3 c5 9. Qd2 Nc6 10. 0-0-0 a6 11. dxc5 Nxc5 12. Bd3 b5 13. Kb1 b4 14. Ne2 a5 15. Ned4 Nxd4 16. Nxd4 Ba6 17. Rde1 Rfc8 18. f5 b3 19. f6 gxf6 20. exf6 Qxf6 21. Rhf1 bxc2+ 22. Nxc2 Qg7 23. Bxa6 Rxa6 24. Ne3 Ne4 25. Qe2 Rb6 26. Nd1 Qg5 0-1

[Event "Sao Sebastiao Online 2nd"]
[Site "Sao Sebastiao do Paraiso"]
[Date "2015.10.10"]
[Round "1.2"]
[White "Pacheco, Helcio Alexandre"]
[Black "Bonvini, Adriana Tonhati"]
[Result "1-0"]
[WhiteElo "2096"]
[BlackElo "1557"]
[PlyCount "71"]
[EventDate "2015.10.10"]
[EventType "tourn"]
[EventRounds "9"]
[EventCountry "BRA"]
[SourceTitle "EXT 2022"]
[Source "ChessBase"]
[SourceDate "2021.10.06"]
[SourceVersion "1"]
[SourceVersionDate "2021.10.06"]
[SourceQuality "1"]

1. d4 Nf6 2. c4 g6 3. Nc3 Bg7 4. e4 d6 5. Be2 0-0 6. Nf3 Nbd7 7. 0-0 e5 8. Re1 Ne8 9. Bf1 exd4 10. Nxd4 c6 11. Be3 Qc7 12. Rc1 Nef6 13. f3 Ne5 14. Qd2 Re8 15. Red1 Be6 16. Nd5 Bxd5 17. cxd5 c5 18. b4 b6 19. Ba6 Rab8 20. Kh1 Re7 21. Bf1 Qb7 22. Nb5 Qd7 23. Nxd6 Qxd6 24. bxc5 Qd8 25. d6 Rd7 26. c6 Nxc6 27. Rxc6 Ne8 28. f4 Bf8 29. e5 Ng7 30. Qc2 Ne6 31. Rc1 Rdb7 32. Bc4 Ng7 33. Bd5 Nf5 34. Bf2 Rd7 35. Rc7 a6 36. Qc6 1-0

[Event "Sao Paulo op-A 3rd"]
[Site "Sao Paulo"]
[Date "2015.09.19"]
[Round "3"]
[White "Cruz, William Ferreira Da"]
[Black "Pacheco, Helcio Alexandre"]
[Result "1/2-1/2"]
[WhiteElo "2254"]
[BlackElo "2089"]
[PlyCount "118"]
[EventDate "2015.09.17"]
[EventType "swiss"]
[EventRounds "6"]
[EventCountry "BRA"]
[SourceTitle "EXT 2016"]
[Source "ChessBase"]
[SourceDate "2015.10.08"]
[SourceVersion "1"]
[SourceVersionDate "2015.10.08"]
[SourceQuality "1"]

1. d4 f5 2. c4 Nf6 3. g3 g6 4. Bg2 Bg7 5. Nf3 0-0 6. 0-0 d6 7. b3 c6 8. Bb2 Na6 9. Nc3 Qc7 10. d5 e5 11. dxe6 Bxe6 12. Nd4 Bd7 13. e4 fxe4 14. Nxe4 Nxe4 15. Bxe4 Nc5 16. Bg2 Rad8 17. Qd2 Bc8 18. Rfe1 Qf7 19. f4 Rfe8 20. Bc3 Bf6 21. Nc2 Bf5 22. Bxf6 Qxf6 23. Qd4 Kf7 24. Qxf6+ Kxf6 25. Nd4 Be4 26. Bxe4 Nxe4 27. Re3 Re7 28. Rae1 Rde8 29. Rd1 Nc5 30. Rxe7 Rxe7 31. Nf3 Re2 32. Rxd6+ Ke7 33. Rd2 Re3 34. Ne5 Re1+ 35. Kg2 Rb1 36. Kf3 a5 37. h4 a4 38. bxa4 Rc1 39. Re2 Kf6 40. a5 Rc3+ 41. Re3 Rc2 42. a3 h5 43. g4 hxg4+ 44. Kxg4 Rd2 45. Rg3 Rf2 46. Nd3 Nxd3 47. Rxd3 Rg2+ 48. Rg3 Rb2 49. Rd3 Rg2+ 50. Kf3 Rc2 51. Rd7 Rc3+ 52. Kg4 Rxa3 53. Rxb7 Rxa5 54. Rd7 Rc5 55. Rd4 Ke6 56. Re4+ Kf6 57. Rd4 Ke6 58. Rd8 Kf6 59. Rd4 Ke6 1/2-1/2